| Tag |
First Indicator |
Second Indicator |
Subfields |
| LEADER |
00000cam a22000004a 4500 |
| 001 |
in00001497421 |
| 005 |
20151021080040.0 |
| 008 |
981118s1999 mau b 000 0 eng |
| 010 |
|
|
|a 98052826
|
| 020 |
|
|
|a 0807004375 (pa)
|
| 035 |
|
|
|a (OCoLC)40403698
|
| 035 |
|
|
|9 AJJ0709AM
|
| 040 |
|
|
|a DLC
|c DLC
|d C#P
|d TXA
|d UtOrBLW
|
| 042 |
|
|
|a pcc
|
| 043 |
|
|
|a n-us---
|
| 049 |
|
|
|a TXAM
|
| 050 |
0 |
0 |
|a KF4819
|b .F57 1999
|
| 082 |
0 |
0 |
|a 342.73/082
|2 21
|
| 100 |
1 |
|
|a Fiss, Owen M.
|
| 245 |
1 |
2 |
|a A community of equals :
|b the constitutional protection of new Americans /
|c Owen Fiss ; foreword by Edwidge Danticat ; edited by Joshua Cohen and Joel Rogers.
|
| 264 |
|
1 |
|a Boston :
|b Beacon Press,
|c [1999]
|
| 264 |
|
4 |
|c ©1999
|
| 300 |
|
|
|a xv, 107 pages ;
|c 21 cm.
|
| 336 |
|
|
|a text
|b txt
|2 rdacontent
|
| 337 |
|
|
|a unmediated
|b n
|2 rdamedia
|
| 338 |
|
|
|a volume
|b nc
|2 rdacarrier
|
| 490 |
1 |
|
|a New democracy forum
|
| 504 |
|
|
|a Includes bibliographical references (pages 103-105).
|
| 650 |
|
0 |
|a Emigration and immigration law
|z United States.
|
| 650 |
|
0 |
|a Civil rights
|z United States.
|
| 650 |
|
0 |
|a Aliens
|z United States.
|
| 700 |
1 |
|
|a Cohen, Joshua,
|d 1951-
|
| 700 |
1 |
|
|a Rogers, Joel,
|d 1952-
|
| 830 |
|
0 |
|a New democracy forum.
|
| 948 |
|
|
|a c:ce
|
| 999 |
|
|
|a MARS
|
| 999 |
f |
f |
|s 63f43dcb-a8bc-3782-b960-5abee011a969
|i 384cade6-dbf2-3c62-8d5a-c7a611b522c6
|t 0
|
| 952 |
f |
f |
|p ric
|a Texas A&M University
|b Rellis Campus
|c Joint Library Facility
|d Remote Storage
|t 0
|e KF4819 .F57 1999
|h Library of Congress classification
|i unmediated -- volume
|m A14825049440
|
| 998 |
f |
f |
|a KF4819 .F57 1999
|t 0
|l Remote Storage
|